000 00490nam a2200205Ia 4500
005 20250425161052.0
008 250425s9999 xx 000 0 und d
020 _a0070124302
041 _aeng
082 _a621
100 _aCONSIDINE, DOUGLAS M.
245 0 _aENERGY TECHNOLOGY HANDBOOK
250 _a1ST ED.
260 _aEstados Unidos
_bMCGRAW HILL
_c1977
260 _aNEW YORK
650 _aINGENIERIA-MANUALES
650 _aTECNOLOGIA
942 _c01
010 _a11820
999 _c201806
_d201806